000 00365nas a2200157 a 4500
001 62772
003 135232
005 20201118105947.0
008 ||||||n9999 ||| || ||
041 _afre
245 0 _aLe monde - No.2626 (1999)
260 _aFrancia :
_bJean-Marie Colombani,
_c1999.
562 _e1
773 _033571
_aLe monde :
942 _cSISS
999 _c62772
_d62772